000 00438nam a2200121 a 4500
008 120416s1978 xx |||||||||||||| || u
050 _aS 591 Soi
100 _aMoss, R. P
245 1 4 _aThe soil resources of tropical Africa
_cedited by R.P. Moss
260 _c1978
350 _a0.00
995 _D0.00
_FCBU-MAIN LIBRARY (Kitwe)
_H1
_I3.50
_M1
_UAVAILABLE
_ZMain Library Open Access Collection
999 _c57851
_d57851